Sports Quiz

Random Sports or NBA Quiz

NBA Trade Deadline 2015 Quiz Stats

 Plays Quiz not verified by Sporcle

Challenge
Share
Tweet
Embed
Score 0/38 Timer 10:00
0 Plays Today
Old Team Player % Correct
PhiladelphiaMichael Carter-Williams
92.7%
PhoenixGoran Dragic
92.7%
PhoenixZoran Dragic
92.4%
Oklahoma CityReggie Jackson
86.1%
MilwaukeeBrandon Knight
85.6%
UtahEnes Kanter
85.5%
PhoenixIsaiah Thomas
84.6%
BrooklynKevin Garnett
77.3%
DenverArron Afflalo
73.9%
MiamiNoris Cole
72%
Oklahoma CityKendrick Perkins
70.8%
Minnesota Thaddeus Young
68.5%
PhoenixMiles Plumlee
61.7%
WashingtonAndre Miller
60.7%
DetroitKyle Singler
59.9%
DenverJaVale McGee
59.7%
Philadelphia KJ McDaniels
56.1%
New YorkPablo Prigioni
55.5%
DetroitDJ Augustin
55.2%
Old Team Player % Correct
SacramentoRamon Sessions
53.7%
PortlandThomas Robinson
49.3%
BostonTayshaun Prince
48.2%
MiamiShawne Williams
48.2%
PhoenixTyler Ennis
45.1%
MiamiDanny Granger
43.5%
UtahSteve Novak
43.1%
HoustonIsaiah Canaan
41.4%
DetroitJonas Jerebko
40.4%
BostonMarcus Thornton
39.7%
PortlandWill Barton
37.3%
HoustonAlexey Shved
33.2%
New OrleansJohn Salmons
33%
PortlandVictor Claver
32.5%
DetroitLuigi Datome
28.6%
DenverAlonzo Gee
28%
MiamiJustin Hamilton
24.6%
MilwaukeeKendall Marshall
16.2%
Oklahoma CityGrant Jerrett
13.9%

You're not logged in!

Compare scores with friends on all Sporcle quizzes.
Join for Free
OR
Log In

You Might Also Like...

Show Comments

Extras

Top Quizzes Today


Score Distribution

Your Account Isn't Verified!

In order to create a playlist on Sporcle, you need to verify the email address you used during registration. Go to your Sporcle Settings to finish the process.

Report this User

Report this user for behavior that violates our Community Guidelines.

Details: